Catálogo

DICCIONARIO (Registro nro. 31575)

Detalles MARC
000 -LEADER
fixed length control field 00347nam a2200145 a 4500
001 - CONTROL NUMBER
control field 31575
005 - DATE AND TIME OF LATEST TRANSACTION
control field 20180713235019.0
008 - FIXED-LENGTH DATA ELEMENTS--GENERAL INFORMATION
fixed length control field 140415s2007 my 000 0 spa d
020 ## - INTERNATIONAL STANDARD BOOK NUMBER
International Standard Book Number 9789706506221
041 ## - LANGUAGE CODE
Language code of text/sound track or separate title spa
082 ## - DEWEY DECIMAL CLASSIFICATION NUMBER
Classification number 423
Item number DIC
245 00 - TITLE STATEMENT
Title DICCIONARIO
250 ## - EDITION STATEMENT
Edition statement 1RA
260 ## - PUBLICATION, DISTRIBUTION, ETC.
Place of publication, distribution, etc. MALASIA :
Name of publisher, distributor, etc. INDETERMINADO,
Date of publication, distribution, etc. 2007
Existencias
Withdrawn status Lost status Source of classification or shelving scheme Damaged status Not for loan Collection code Home library Current library Shelving location Date acquired Source of acquisition Total Checkouts Full call number Barcode Price effective from Koha item type
    Dewey Decimal Classification     Referencia Tehuacán Tehuacán Referencia 03/12/2013 Compra   423 DIC 506374 03/12/2013 Libro R